00760nam a2200253Ia 4500003000400000005001700004008004100021020001500062040000700077041000800084082001700092100002500109245003500134260004400169300001300213365001200226563000700238650002400245700003000269906003500299942001200334999001900346952014100365OSt20250711153551.0210707s1977 xx 000 0 und d a0070857881 cAL aeng a621.381 TAUD aHerbert Taub9210153 aDigital integrated electronics aLondonbMcGraw Hill Kogakusha Ltdc1977 axx,650 p b40cINR aPB aElectronics9210155 aSchilling, Donald9218349 aDigital integrated electronics 2ddccBK c180301d180301 00102ddc40708ELEaALbALcSKd2002-01-28ePrasaranga, Maisuru.g40.00l0o621.381 TAUDpBB04296r2021-07-08 00:00:00w2021-07-08yBB